000 00433cam a2200169ua 4500
001 1514
008 110711n ii |||gr||||Z||||||eng
040 _cMAIN
082 _a338.954162
100 1 _aAlam, K.,
245 1 _aDevelopement experience in Assam.
_cBy K Alam.
250 _a1st.
260 _aGowahati:
_bJ N Dutta Baruah.,983.
300 _aiv, 271 p.:
_c23 cm.
653 _aDevelopement experience in Assam.
942 _cBK
999 _c1403
_d1403